000
00304 a2200121 4500
110
_a
National Council For Population And Development
245
_a
Seeking Solution For Tradtitional Herbal Medicines
260
_c
2008
490
_a
Vol.1
500
_a
BOX3
650
_2
Policy Brifs
942
_c
PERIODICAL
999
_c
2178
_d
2178